000 00780cab a2200253 4500
001 ABS59745
008 090401t1998 xxu||||| |||| 00| 0 eng d
035 _a(Sirsi) u89693
041 _aeng
100 _aBaker, B.
245 _aParking`s place in transport strategy
260 _c1998
350 _a0
490 _aSurveyor
_v185(5509) 12 November 1998, 12(1)
520 _aReports on the annual conference of the the British Parking Association, which focused on the contentious issue of on-street and retail parking charges.
650 _aLOCAL TRANSPORT PLANS
650 _aON-STREET PARKING
650 _aPARKING POLICY
650 _aSPAS
650 _aSPECIAL PARKING AREAS
690 _aTRANSPORT AND COMMUNICATIONS
942 _n0
948 _c16/11/1998
999 _c56768
_d56768